<?xml version="1.0" encoding="UTF-8"?>
<collection xmlns="http://www.loc.gov/MARC21/slim">
 <record>
  <leader>07244cam a22009132  4500</leader>
  <controlfield tag="001">1602499322</controlfield>
  <controlfield tag="003">DE-627</controlfield>
  <controlfield tag="005">20240905113857.0</controlfield>
  <controlfield tag="007">tu</controlfield>
  <controlfield tag="008">911015s1974    gw |||||      00| ||ger c</controlfield>
  <datafield tag="015" ind1=" " ind2=" ">
   <subfield code="a">74,A37,0455</subfield>
   <subfield code="2">dnb</subfield>
  </datafield>
  <datafield tag="035" ind1=" " ind2=" ">
   <subfield code="a">(DE-627)1602499322</subfield>
  </datafield>
  <datafield tag="035" ind1=" " ind2=" ">
   <subfield code="a">(DE-576)025954679</subfield>
  </datafield>
  <datafield tag="035" ind1=" " ind2=" ">
   <subfield code="a">(DE-599)BSZ025954679</subfield>
  </datafield>
  <datafield tag="035" ind1=" " ind2=" ">
   <subfield code="a">(OCoLC)14996954</subfield>
  </datafield>
  <datafield tag="035" ind1=" " ind2=" ">
   <subfield code="a">(OCoLC)311438582</subfield>
  </datafield>
  <datafield tag="040" ind1=" " ind2=" ">
   <subfield code="a">DE-627</subfield>
   <subfield code="b">ger</subfield>
   <subfield code="c">DE-627</subfield>
   <subfield code="e">rakwb</subfield>
  </datafield>
  <datafield tag="041" ind1=" " ind2=" ">
   <subfield code="a">ger</subfield>
  </datafield>
  <datafield tag="044" ind1=" " ind2=" ">
   <subfield code="c">XA-DE</subfield>
  </datafield>
  <datafield tag="084" ind1=" " ind2=" ">
   <subfield code="a">ERD 373</subfield>
   <subfield code="2">sfb</subfield>
  </datafield>
  <datafield tag="084" ind1=" " ind2=" ">
   <subfield code="a">RD 70053</subfield>
   <subfield code="2">rvk</subfield>
   <subfield code="0">(DE-625)rvk/142255:12600</subfield>
  </datafield>
  <datafield tag="084" ind1=" " ind2=" ">
   <subfield code="a">RD 80012</subfield>
   <subfield code="2">rvk</subfield>
   <subfield code="0">(DE-625)rvk/142260:12583</subfield>
  </datafield>
  <datafield tag="084" ind1=" " ind2=" ">
   <subfield code="a">NR 2100</subfield>
   <subfield code="2">rvk</subfield>
   <subfield code="0">(DE-625)rvk/129188:</subfield>
  </datafield>
  <datafield tag="084" ind1=" " ind2=" ">
   <subfield code="a">RD 76053</subfield>
   <subfield code="2">rvk</subfield>
   <subfield code="0">(DE-625)rvk/142257:12600</subfield>
  </datafield>
  <datafield tag="084" ind1=" " ind2=" ">
   <subfield code="a">RD 76012</subfield>
   <subfield code="2">rvk</subfield>
   <subfield code="0">(DE-625)rvk/142257:12583</subfield>
  </datafield>
  <datafield tag="084" ind1=" " ind2=" ">
   <subfield code="a">LB 24060</subfield>
   <subfield code="2">rvk</subfield>
   <subfield code="0">(DE-625)rvk/90518:793</subfield>
  </datafield>
  <datafield tag="100" ind1="1" ind2=" ">
   <subfield code="a">Avenarius, Wilhelm</subfield>
   <subfield code="4">aut</subfield>
  </datafield>
  <datafield tag="245" ind1="1" ind2="0">
   <subfield code="a">Mittelrhein</subfield>
   <subfield code="b">mit Hunsrück, Eifel, Westerwald; Landschaft, Geschichte, Burgenkunde, Kultur, Kunst</subfield>
   <subfield code="c">von Wilhelm Avenarius</subfield>
  </datafield>
  <datafield tag="264" ind1=" " ind2="1">
   <subfield code="a">Nürnberg</subfield>
   <subfield code="b">Glock u. Lutz</subfield>
   <subfield code="c">1974</subfield>
  </datafield>
  <datafield tag="300" ind1=" " ind2=" ">
   <subfield code="a">480 S., 20 Taf.</subfield>
   <subfield code="b">Ill.</subfield>
  </datafield>
  <datafield tag="336" ind1=" " ind2=" ">
   <subfield code="a">Text</subfield>
   <subfield code="b">txt</subfield>
   <subfield code="2">rdacontent</subfield>
  </datafield>
  <datafield tag="337" ind1=" " ind2=" ">
   <subfield code="a">ohne Hilfsmittel zu benutzen</subfield>
   <subfield code="b">n</subfield>
   <subfield code="2">rdamedia</subfield>
  </datafield>
  <datafield tag="338" ind1=" " ind2=" ">
   <subfield code="a">Band</subfield>
   <subfield code="b">nc</subfield>
   <subfield code="2">rdacarrier</subfield>
  </datafield>
  <datafield tag="490" ind1="1" ind2=" ">
   <subfield code="a">Rheinland-Trilogie</subfield>
   <subfield code="v">1</subfield>
  </datafield>
  <datafield tag="490" ind1="0" ind2=" ">
   <subfield code="a">Bibliothek deutsche Landeskunde</subfield>
   <subfield code="a">Abt. Westdeutschland</subfield>
  </datafield>
  <datafield tag="500" ind1=" " ind2=" ">
   <subfield code="a">Literaturverz. S. 446 - 452</subfield>
  </datafield>
  <datafield tag="583" ind1="1" ind2=" ">
   <subfield code="a">Archivierung prüfen</subfield>
   <subfield code="c">20240324</subfield>
   <subfield code="f">DE-4165</subfield>
   <subfield code="z">2</subfield>
   <subfield code="2">pdager</subfield>
  </datafield>
  <datafield tag="655" ind1=" " ind2="7">
   <subfield code="a">Führer</subfield>
   <subfield code="0">(DE-588)4155569-7</subfield>
   <subfield code="0">(DE-627)10551487X</subfield>
   <subfield code="0">(DE-576)20982008X</subfield>
   <subfield code="2">gnd-content</subfield>
  </datafield>
  <datafield tag="689" ind1="0" ind2="0">
   <subfield code="d">g</subfield>
   <subfield code="0">(DE-588)4074902-2</subfield>
   <subfield code="0">(DE-627)106088041</subfield>
   <subfield code="0">(DE-576)209195657</subfield>
   <subfield code="a">Mittelrhein-Gebiet</subfield>
   <subfield code="2">gnd</subfield>
  </datafield>
  <datafield tag="689" ind1="0" ind2=" ">
   <subfield code="5">(DE-627)</subfield>
  </datafield>
  <datafield tag="689" ind1="1" ind2="0">
   <subfield code="d">g</subfield>
   <subfield code="0">(DE-588)4074902-2</subfield>
   <subfield code="0">(DE-627)106088041</subfield>
   <subfield code="0">(DE-576)209195657</subfield>
   <subfield code="a">Mittelrhein-Gebiet</subfield>
   <subfield code="2">gnd</subfield>
  </datafield>
  <datafield tag="689" ind1="1" ind2="1">
   <subfield code="d">s</subfield>
   <subfield code="0">(DE-588)4073972-7</subfield>
   <subfield code="0">(DE-627)104393955</subfield>
   <subfield code="0">(DE-576)209191996</subfield>
   <subfield code="a">Landeskunde</subfield>
   <subfield code="2">gnd</subfield>
  </datafield>
  <datafield tag="689" ind1="1" ind2=" ">
   <subfield code="5">(DE-627)</subfield>
  </datafield>
  <datafield tag="689" ind1="2" ind2="0">
   <subfield code="d">g</subfield>
   <subfield code="0">(DE-588)4013749-1</subfield>
   <subfield code="0">(DE-627)106342002</subfield>
   <subfield code="0">(DE-576)208905502</subfield>
   <subfield code="a">Eifel</subfield>
   <subfield code="2">gnd</subfield>
  </datafield>
  <datafield tag="689" ind1="2" ind2="1">
   <subfield code="d">s</subfield>
   <subfield code="0">(DE-588)4073972-7</subfield>
   <subfield code="0">(DE-627)104393955</subfield>
   <subfield code="0">(DE-576)209191996</subfield>
   <subfield code="a">Landeskunde</subfield>
   <subfield code="2">gnd</subfield>
  </datafield>
  <datafield tag="689" ind1="2" ind2=" ">
   <subfield code="5">(DE-627)</subfield>
  </datafield>
  <datafield tag="689" ind1="3" ind2="0">
   <subfield code="d">g</subfield>
   <subfield code="0">(DE-588)4065773-5</subfield>
   <subfield code="0">(DE-627)106117181</subfield>
   <subfield code="0">(DE-576)209160594</subfield>
   <subfield code="a">Westerwald</subfield>
   <subfield code="2">gnd</subfield>
  </datafield>
  <datafield tag="689" ind1="3" ind2="1">
   <subfield code="d">s</subfield>
   <subfield code="0">(DE-588)4073972-7</subfield>
   <subfield code="0">(DE-627)104393955</subfield>
   <subfield code="0">(DE-576)209191996</subfield>
   <subfield code="a">Landeskunde</subfield>
   <subfield code="2">gnd</subfield>
  </datafield>
  <datafield tag="689" ind1="3" ind2=" ">
   <subfield code="5">(DE-627)</subfield>
  </datafield>
  <datafield tag="689" ind1="4" ind2="0">
   <subfield code="d">g</subfield>
   <subfield code="0">(DE-588)4026217-0</subfield>
   <subfield code="0">(DE-627)106289160</subfield>
   <subfield code="0">(DE-576)208965505</subfield>
   <subfield code="a">Hunsrück</subfield>
   <subfield code="2">gnd</subfield>
  </datafield>
  <datafield tag="689" ind1="4" ind2="1">
   <subfield code="d">s</subfield>
   <subfield code="0">(DE-588)4073972-7</subfield>
   <subfield code="0">(DE-627)104393955</subfield>
   <subfield code="0">(DE-576)209191996</subfield>
   <subfield code="a">Landeskunde</subfield>
   <subfield code="2">gnd</subfield>
  </datafield>
  <datafield tag="689" ind1="4" ind2=" ">
   <subfield code="5">(DE-627)</subfield>
  </datafield>
  <datafield tag="689" ind1="5" ind2="0">
   <subfield code="d">g</subfield>
   <subfield code="0">(DE-588)4126432-0</subfield>
   <subfield code="0">(DE-627)104696575</subfield>
   <subfield code="0">(DE-576)209585021</subfield>
   <subfield code="a">Mittelrheintal</subfield>
   <subfield code="2">gnd</subfield>
  </datafield>
  <datafield tag="689" ind1="5" ind2="1">
   <subfield code="d">s</subfield>
   <subfield code="0">(DE-588)4073972-7</subfield>
   <subfield code="0">(DE-627)104393955</subfield>
   <subfield code="0">(DE-576)209191996</subfield>
   <subfield code="a">Landeskunde</subfield>
   <subfield code="2">gnd</subfield>
  </datafield>
  <datafield tag="689" ind1="5" ind2=" ">
   <subfield code="5">(DE-627)</subfield>
  </datafield>
  <datafield tag="787" ind1="0" ind2="8">
   <subfield code="i">Rezensiert in</subfield>
   <subfield code="a">Fink, Otto</subfield>
   <subfield code="t">[Rezension von: Wilhelm Avenarius, Mittelrhein]</subfield>
   <subfield code="d">Braubach : Deutsche Burgenvereinigung, 1975</subfield>
   <subfield code="w">(DE-627)1562405519</subfield>
   <subfield code="w">(DE-576)492405514</subfield>
  </datafield>
  <datafield tag="830" ind1=" " ind2="0">
   <subfield code="a">Rheinland-Trilogie</subfield>
   <subfield code="v">1</subfield>
   <subfield code="9">1</subfield>
   <subfield code="w">(DE-627)521265169</subfield>
   <subfield code="w">(DE-576)007292317</subfield>
   <subfield code="w">(DE-600)2263623-7</subfield>
   <subfield code="7">ns</subfield>
  </datafield>
  <datafield tag="889" ind1=" " ind2=" ">
   <subfield code="w">(DE-627)039033139</subfield>
  </datafield>
  <datafield tag="935" ind1=" " ind2=" ">
   <subfield code="i">mdedup</subfield>
  </datafield>
  <datafield tag="936" ind1="r" ind2="v">
   <subfield code="a">RD 70053</subfield>
   <subfield code="b">zur Länderkunde</subfield>
   <subfield code="k">Geografie</subfield>
   <subfield code="k">Regionale Geografie</subfield>
   <subfield code="k">Europa</subfield>
   <subfield code="k">Mitteleuropa</subfield>
   <subfield code="k">Deutschland</subfield>
   <subfield code="k">Deutschland (Westliche Länder)</subfield>
   <subfield code="k">Westdeutschland, Mittelgebirgsschwelle</subfield>
   <subfield code="k">Rheinland-Pfalz und Saarland</subfield>
   <subfield code="k">Rheinland-Pfalz und Saarland</subfield>
   <subfield code="k">Unterlagen für die gesamte Geografie</subfield>
   <subfield code="k">Hand-, Lehr- und Schulbücher sowie Sammelwerke zur Gesamtgeografie oder zu größeren Teilgebieten</subfield>
   <subfield code="k">Hand- (und Lehr)bücher der gesamten Geografie (oder größerer Teil- gebiete)</subfield>
   <subfield code="k">zur Länderkunde</subfield>
   <subfield code="0">(DE-627)1271744465</subfield>
   <subfield code="0">(DE-625)rvk/142255:12600</subfield>
   <subfield code="0">(DE-576)201744465</subfield>
  </datafield>
  <datafield tag="936" ind1="r" ind2="v">
   <subfield code="a">RD 80012</subfield>
   <subfield code="b">Allgemeine Reiseführer (in geschlossenen größeren Reihen sowie solche mit mehreren Fachrichtungen; z.B. historisch-kunsthistorische Führer, geologisch-botanische Wanderführer u.ä.)</subfield>
   <subfield code="k">Geografie</subfield>
   <subfield code="k">Regionale Geografie</subfield>
   <subfield code="k">Europa</subfield>
   <subfield code="k">Mitteleuropa</subfield>
   <subfield code="k">Deutschland</subfield>
   <subfield code="k">Deutschland (Westliche Länder)</subfield>
   <subfield code="k">Westdeutschland, Mittelgebirgsschwelle</subfield>
   <subfield code="k">Rheinland-Pfalz und Saarland</subfield>
   <subfield code="k">Rheinisches Schiefergebirge (größere Teile in Nordrhein-Westfalen und Hessen gelegen)</subfield>
   <subfield code="k">Mittelrheintal, Moseltal (mit unterer Saar, Sauer und Kyll), Lahntal</subfield>
   <subfield code="k">Unterlagen für die gesamte Geografie</subfield>
   <subfield code="k">Bibliografien und Nachschlagewerke</subfield>
   <subfield code="k">Allgemeine Reiseführer (in geschlossenen größeren Reihen sowie solche mit mehreren Fachrichtungen; z.B. historisch-kunsthistorische Führer, geologisch-botanische Wanderführer u.ä.)</subfield>
   <subfield code="0">(DE-627)1271900505</subfield>
   <subfield code="0">(DE-625)rvk/142260:12583</subfield>
   <subfield code="0">(DE-576)201900505</subfield>
  </datafield>
  <datafield tag="936" ind1="r" ind2="v">
   <subfield code="a">NR 2100</subfield>
   <subfield code="b">Landschaftsgeschichte</subfield>
   <subfield code="k">Geschichte</subfield>
   <subfield code="k">Landes- und Stadtgeschichte (Allgemeine, Deutsche und Österreichische Landes- und Stadtgeschichte, Ausländische Stadtgeschichte, Geschichte der Auslanddeutschen)</subfield>
   <subfield code="k">Deutsche Landesgeschichte im Einzelnen (einschl. ehemaliger deutscher Gebiete)</subfield>
   <subfield code="k">Rheinland-Pfalz</subfield>
   <subfield code="k">Landschaftsgeschichte</subfield>
   <subfield code="0">(DE-627)1271473429</subfield>
   <subfield code="0">(DE-625)rvk/129188:</subfield>
   <subfield code="0">(DE-576)201473429</subfield>
  </datafield>
  <datafield tag="936" ind1="r" ind2="v">
   <subfield code="a">RD 76053</subfield>
   <subfield code="b">zur Länderkunde</subfield>
   <subfield code="k">Geografie</subfield>
   <subfield code="k">Regionale Geografie</subfield>
   <subfield code="k">Europa</subfield>
   <subfield code="k">Mitteleuropa</subfield>
   <subfield code="k">Deutschland</subfield>
   <subfield code="k">Deutschland (Westliche Länder)</subfield>
   <subfield code="k">Westdeutschland, Mittelgebirgsschwelle</subfield>
   <subfield code="k">Rheinland-Pfalz und Saarland</subfield>
   <subfield code="k">Rheinisches Schiefergebirge (größere Teile in Nordrhein-Westfalen und Hessen gelegen)</subfield>
   <subfield code="k">Rheinisches Schiefergebirge / Linksrheinisches Gebiet: Aachener Wald, Hohes Venn, Eifel, Hunsrück</subfield>
   <subfield code="k">Unterlagen für die gesamte Geografie</subfield>
   <subfield code="k">Hand-, Lehr- und Schulbücher sowie Sammelwerke zur Gesamtgeografie oder zu größeren Teilgebieten</subfield>
   <subfield code="k">Hand- (und Lehr)bücher der gesamten Geografie (oder größerer Teil- gebiete)</subfield>
   <subfield code="k">zur Länderkunde</subfield>
   <subfield code="0">(DE-627)1271690519</subfield>
   <subfield code="0">(DE-625)rvk/142257:12600</subfield>
   <subfield code="0">(DE-576)201690519</subfield>
  </datafield>
  <datafield tag="936" ind1="r" ind2="v">
   <subfield code="a">RD 76012</subfield>
   <subfield code="b">Allgemeine Reiseführer (in geschlossenen größeren Reihen sowie solche mit mehreren Fachrichtungen; z.B. historisch-kunsthistorische Führer, geologisch-botanische Wanderführer u.ä.)</subfield>
   <subfield code="k">Geografie</subfield>
   <subfield code="k">Regionale Geografie</subfield>
   <subfield code="k">Europa</subfield>
   <subfield code="k">Mitteleuropa</subfield>
   <subfield code="k">Deutschland</subfield>
   <subfield code="k">Deutschland (Westliche Länder)</subfield>
   <subfield code="k">Westdeutschland, Mittelgebirgsschwelle</subfield>
   <subfield code="k">Rheinland-Pfalz und Saarland</subfield>
   <subfield code="k">Rheinisches Schiefergebirge (größere Teile in Nordrhein-Westfalen und Hessen gelegen)</subfield>
   <subfield code="k">Rheinisches Schiefergebirge / Linksrheinisches Gebiet: Aachener Wald, Hohes Venn, Eifel, Hunsrück</subfield>
   <subfield code="k">Unterlagen für die gesamte Geografie</subfield>
   <subfield code="k">Bibliografien und Nachschlagewerke</subfield>
   <subfield code="k">Allgemeine Reiseführer (in geschlossenen größeren Reihen sowie solche mit mehreren Fachrichtungen; z.B. historisch-kunsthistorische Führer, geologisch-botanische Wanderführer u.ä.)</subfield>
   <subfield code="0">(DE-627)127147879X</subfield>
   <subfield code="0">(DE-625)rvk/142257:12583</subfield>
   <subfield code="0">(DE-576)20147879X</subfield>
  </datafield>
  <datafield tag="936" ind1="r" ind2="v">
   <subfield code="a">LB 24060</subfield>
   <subfield code="b">Rheinland-Pfalz</subfield>
   <subfield code="k">Sozial- und Kulturanthropologie. Empirische Kulturwissenschaft</subfield>
   <subfield code="k">Gesamtdarstellungen und Sammelwerke</subfield>
   <subfield code="k">Gesamtdarstellungen, einzelnes</subfield>
   <subfield code="k">Europa</subfield>
   <subfield code="k">Mitteleuropa</subfield>
   <subfield code="k">Deutschland</subfield>
   <subfield code="k">Mittel- und Westdeutschland</subfield>
   <subfield code="k">Rheinland-Pfalz</subfield>
   <subfield code="0">(DE-627)1271712679</subfield>
   <subfield code="0">(DE-625)rvk/90518:793</subfield>
   <subfield code="0">(DE-576)201712679</subfield>
  </datafield>
  <datafield tag="951" ind1=" " ind2=" ">
   <subfield code="a">BO</subfield>
  </datafield>
  <datafield tag="990" ind1=" " ind2=" ">
   <subfield code="a">Mittelrhein-Gebiet</subfield>
  </datafield>
  <datafield tag="990" ind1=" " ind2=" ">
   <subfield code="a">Mittelrhein-Gebiet</subfield>
  </datafield>
  <datafield tag="990" ind1=" " ind2=" ">
   <subfield code="a">Landeskunde</subfield>
  </datafield>
  <datafield tag="990" ind1=" " ind2=" ">
   <subfield code="a">Eifel</subfield>
  </datafield>
  <datafield tag="990" ind1=" " ind2=" ">
   <subfield code="a">Landeskunde</subfield>
  </datafield>
  <datafield tag="990" ind1=" " ind2=" ">
   <subfield code="a">Westerwald</subfield>
  </datafield>
  <datafield tag="990" ind1=" " ind2=" ">
   <subfield code="a">Landeskunde</subfield>
  </datafield>
  <datafield tag="990" ind1=" " ind2=" ">
   <subfield code="a">Hunsrück</subfield>
  </datafield>
  <datafield tag="990" ind1=" " ind2=" ">
   <subfield code="a">Landeskunde</subfield>
  </datafield>
  <datafield tag="990" ind1=" " ind2=" ">
   <subfield code="a">Mittelrheintal</subfield>
  </datafield>
  <datafield tag="990" ind1=" " ind2=" ">
   <subfield code="a">Landeskunde</subfield>
  </datafield>
  <datafield tag="991" ind1=" " ind2=" ">
   <subfield code="a">Rezensiertes Werk</subfield>
  </datafield>
  <datafield tag="999" ind1=" " ind2=" ">
   <subfield code="a">KXP-PPN1602499322</subfield>
   <subfield code="e">401966143X</subfield>
  </datafield>
 </record>
</collection>
